<?xml version="1.0" encoding="UTF-8"?><?xml-stylesheet type="text/xsl" href="static/style.xsl"?><OAI-PMH xmlns="http://www.openarchives.org/OAI/2.0/" xmlns:xsi="http://www.w3.org/2001/XMLSchema-instance" xsi:schemaLocation="http://www.openarchives.org/OAI/2.0/ http://www.openarchives.org/OAI/2.0/OAI-PMH.xsd"><responseDate>2026-04-18T06:03:03Z</responseDate><request verb="GetRecord" identifier="oai:www.recercat.cat:20.500.12327/3587" metadataPrefix="marc">https://recercat.cat/oai/request</request><GetRecord><record><header><identifier>oai:recercat.cat:20.500.12327/3587</identifier><datestamp>2025-10-22T11:27:58Z</datestamp><setSpec>com_2072_4428</setSpec><setSpec>com_2072_4427</setSpec><setSpec>col_2072_487898</setSpec></header><metadata><record xmlns="http://www.loc.gov/MARC21/slim" xmlns:dcterms="http://purl.org/dc/terms/" xmlns:xsi="http://www.w3.org/2001/XMLSchema-instance" xmlns:doc="http://www.lyncode.com/xoai" xsi:schemaLocation="http://www.loc.gov/MARC21/slim http://www.loc.gov/standards/marcxml/schema/MARC21slim.xsd">
   <leader>00925njm 22002777a 4500</leader>
   <datafield ind2=" " ind1=" " tag="042">
      <subfield code="a">dc</subfield>
   </datafield>
   <datafield ind2=" " ind1=" " tag="720">
      <subfield code="a">del Arco, Lidia</subfield>
      <subfield code="e">author</subfield>
   </datafield>
   <datafield ind2=" " ind1=" " tag="720">
      <subfield code="a">Riudavets, Jordi</subfield>
      <subfield code="e">author</subfield>
   </datafield>
   <datafield ind2=" " ind1=" " tag="720">
      <subfield code="a">Castañé, Cristina</subfield>
      <subfield code="e">author</subfield>
   </datafield>
   <datafield ind2=" " ind1=" " tag="720">
      <subfield code="a">Agusti, Nuria</subfield>
      <subfield code="e">author</subfield>
   </datafield>
   <datafield ind2=" " ind1=" " tag="260">
      <subfield code="c">2024-12-24</subfield>
   </datafield>
   <datafield ind2=" " ind1=" " tag="520">
      <subfield code="a">Stored products are vulnerable to arthropod pest infestations, threatening food security and causing production losses. Routine analyses are crucial for pest detection and management. Molecular diagnostic methods are increasing in the food industry for their sensitivity and reliability, but they have not yet been used to detect the presence of all potential arthropod pest species in storage environments. A method based on qPCR and the use of universal arthropod primers to detect arthropod infestations in stored rice has been developed. To determine the extent of the method, a specificity test was first conducted on species potentially found in grain commodities. Secondly, paddy and brown rice samples with different infestation densities of the most frequent pests were analyzed. The chosen universal arthropod primers successfully detected most of the pest species tested, and their combined use extended the efficacy of species detection. Results demonstrated that the developed method could accurately diagnose arthropod contamination in brown rice of the 10 most common pest species affecting this commodity with a high sensitivity (2.6 mg arthropod/500g rice). To avoid environmental DNA detection, it should be used in commodities with a certain degree of processing. Implementing this method could provide the food industry with a reliable tool for detecting pest contamination in rice and other stored products, enabling better decision-making capabilities that contribute to reducing regular pesticide applications.</subfield>
   </datafield>
   <datafield ind1="8" ind2=" " tag="024">
      <subfield code="a">Del Arco, Lidia, Jordi Riudavets, Cristina Castañé, and Nuria Agustí. 2025. “Development of a qPCR-based Method for the Detection of Arthropod Pests in Stored Rice.” Food Control, 171: 111116. https://doi.org/10.1016/j.foodcont.2024.111116</subfield>
   </datafield>
   <datafield ind1="8" ind2=" " tag="024">
      <subfield code="a">0956-7135</subfield>
   </datafield>
   <datafield ind1="8" ind2=" " tag="024">
      <subfield code="a">http://hdl.handle.net/20.500.12327/3587</subfield>
   </datafield>
   <datafield ind1="8" ind2=" " tag="024">
      <subfield code="a">https://doi.org/10.1016/j.foodcont.2024.111116</subfield>
   </datafield>
   <datafield ind2="0" ind1="0" tag="245">
      <subfield code="a">Development of a qPCR-based method for the detection of arthropod pests in stored rice</subfield>
   </datafield>
</record></metadata></record></GetRecord></OAI-PMH>